000 01546nam a2200253 a 4500
001 81543
003 BD-RjUL
005 20230826164649.0
008 230709s2020 bg |||| m||| 00| 0 ben d
035 _a(BD-RjUL)81543
040 _aBD-RjUL
_bben/eng
_cBD-RjUL
_dBD-RjUL
041 _aben
082 _223
_a327.1538
_bAHM 2020
100 _aআহসানুল্লাহ, মুহাম্মদ
_97944
245 1 0 _aমদীনা রাষ্ট্রের বৈদেশিক নীতি :
_bপদ্ধতি ও কৌশল (৬২২-৬৬১ খ্রি.) /
_cমুহাম্মদ আহসানুল্লাহ
_6তত্ত্বাবধায়ক : মুহা. বিলাল হুসাইন
246 _a[THE FOREIGN POLICY OF THE STATE OF MADINA :
_bMETHODS AND STRATEGIES (622-661 A.D.)] /
260 _aরাজশাহী :
_bআরবী বিভাগ, রাজশাহী বিশ্ববিদ্যালয়,
_c২০২০.
300 _a[২],xviii,[১],২৩৫ পাতা ;
_c২৯ সেমি.
502 _aথিসিস (পিএইচ.ডি)-- আরবী বিভাগ,রাজশাহী বিশ্ববিদ্যালয়,২০২০
504 _aগ্রন্থপঞ্জি : পাতা ২২৬-২৩৫
650 _aবৈদেশিক নীতি
_zসৌদী আরব
_zমদীনা
_97945
700 _aহুসাইন, মুহা. বিলাল, তত্ত্বাবধায়ক
_97946
942 _2ddc
_cTHE
999 _c81543
_d81543